|
|
|
|
| LEADER |
00000cam a22000004a 4500 |
| 001 |
musev2_35692 |
| 003 |
MdBmJHUP |
| 005 |
20230905043744.0 |
| 006 |
m o d |
| 007 |
cr||||||||nn|n |
| 008 |
141124t20142014inu o 00 0 eng d |
| 020 |
|
|
|a 9780268081775
|
| 020 |
|
|
|z 0268031118
|
| 020 |
|
|
|z 9780268031114
|
| 020 |
|
|
|z 0268081778
|
| 035 |
|
|
|a (OCoLC)896187079
|
| 040 |
|
|
|a MdBmJHUP
|c MdBmJHUP
|
| 245 |
0 |
0 |
|a Forms of Truth and the Unity of Knowledge /
|c edited by Vittorio Hösle.
|
| 264 |
|
1 |
|a Notre Dame, Indiana :
|b University of Notre Dame Press,
|c 2014.
|
| 264 |
|
3 |
|a Baltimore, Md. :
|b Project MUSE,
|c 2014
|
| 264 |
|
4 |
|c ©2014.
|
| 300 |
|
|
|a 1 online resource (312 pages).
|
| 336 |
|
|
|a text
|b txt
|2 rdacontent
|
| 337 |
|
|
|a computer
|b c
|2 rdamedia
|
| 338 |
|
|
|a online resource
|b cr
|2 rdacarrier
|
| 505 |
0 |
|
|a The historical development of the tree of knowledge -- Epistemology, logic, and mathematics -- Explanation in the natural sciences -- Introspection and understanding in the humanities -- Art and religion.
|
| 546 |
|
|
|a English.
|
| 588 |
|
|
|a Description based on print version record.
|
| 650 |
|
7 |
|a Wissenschaftsphilosophie
|2 gnd
|
| 650 |
|
7 |
|a Wahrheitstheorie
|2 gnd
|
| 650 |
|
7 |
|a Truth.
|2 fast
|0 (OCoLC)fst01158235
|
| 650 |
|
7 |
|a Science
|x Philosophy.
|2 fast
|0 (OCoLC)fst01108336
|
| 650 |
|
7 |
|a Knowledge, Theory of.
|2 fast
|0 (OCoLC)fst00988194
|
| 650 |
|
7 |
|a Humanities
|x Philosophy.
|2 fast
|0 (OCoLC)fst00963617
|
| 650 |
|
7 |
|a Art and religion.
|2 fast
|0 (OCoLC)fst00815425
|
| 650 |
|
7 |
|a truth.
|2 aat
|
| 650 |
|
7 |
|a epistemology.
|2 aat
|
| 650 |
|
6 |
|a Art et religion.
|
| 650 |
|
6 |
|a Verite.
|
| 650 |
|
6 |
|a Theorie de la connaissance.
|
| 650 |
|
0 |
|a Art and religion.
|
| 650 |
|
0 |
|a Humanities
|x Philosophy.
|
| 650 |
|
0 |
|a Science
|x Philosophy.
|
| 650 |
|
0 |
|a Truth.
|
| 650 |
|
0 |
|a Knowledge, Theory of.
|
| 655 |
|
7 |
|a Electronic books.
|2 local
|
| 700 |
1 |
|
|a Hösle, Vittorio,
|d 1960-
|e editor.
|
| 710 |
2 |
|
|a Project Muse.
|e distributor
|
| 830 |
|
0 |
|a Book collections on Project MUSE.
|
| 856 |
4 |
0 |
|z Texto completo
|u https://projectmuse.uam.elogim.com/book/35692/
|
| 945 |
|
|
|a Project MUSE - Custom Collection
|
| 945 |
|
|
|a Project MUSE - 2014 Philosophy and Religion
|
| 945 |
|
|
|a Project MUSE - 2014 Complete
|